El pensamiento vivo / (Record no. 6759)
[ view plain ]
| 000 -CABECERA | |
|---|---|
| campo de control de longitud fija | 00908cam a2200229 a 4500 |
| 001 - NÚMERO DE CONTROL | |
| campo de control | 000006975 |
| 005 - FECHA Y HORA DE LA ÚLTIMA TRANSACCIÓN | |
| campo de control | 20200929154033.0 |
| 008 - DATOS DE LONGITUD FIJA--INFORMACIÓN GENERAL | |
| campo de control de longitud fija | 850618s1984 nq b b 001 0 spa |
| 040 ## - FUENTE DE LA CATALOGACIÓN | |
| Centro catalogador/agencia de origen | DO-SdBNP |
| Lengua de catalogación | spa |
| Centro/agencia transcriptor | BNPHU |
| 082 ## - NÚMERO DE LA CLASIFICACIÓN DECIMAL DEWEY | |
| Número de clasificación | 320.7285 |
| Número de documento/Ítem | S217p |
| 100 1# - ENTRADA PRINCIPAL--NOMBRE DE PERSONA | |
| Nombre de persona | Sandino, Augusto César, |
| Fechas asociadas al nombre | 1895-1934. |
| 9 (RLIN) | 10682 |
| 245 13 - MENCIÓN DE TÍTULO | |
| Título | El pensamiento vivo / |
| Mención de responsabilidad, etc. | Augusto César Sandino ; introducción, selección y notas de Sergio Ramírez ; edición Manuel Mejía. |
| 260 ## - PUBLICACIÓN, DISTRIBUCIÓN, ETC. | |
| Lugar de publicación, distribución, etc. | Managua, Nicaragua : |
| Nombre del editor, distribuidor, etc. | Editorial Nueva Nicaragua, |
| Fecha de publicación, distribución, etc. | 1984. |
| 300 ## - DESCRIPCIÓN FÍSICA | |
| Extensión | 2 v. : |
| Otras características físicas | il., mapa ; |
| Dimensiones | 21 cm. |
| 490 1# - MENCIÓN DE SERIE | |
| Mención de serie | Pensamiento vivo |
| Designación de volumen o secuencia | 4 |
| 504 ## - NOTA DE BIBLIOGRAFÍA, ETC. | |
| Nota de bibliografía, etc. | Incluye referencias bibliográficas (p. 513) |
| 651 #4 - PUNTO DE ACCESO ADICIONAL DE MATERIA--NOMBRE GEOGRÁFICO | |
| Nombre geográfico | Nicaragua |
| Subdivisión general | Política Y Gobierno |
| Subdivisión cronológica | 1909-1937. |
| 9 (RLIN) | 9715 |
| 651 #0 - PUNTO DE ACCESO ADICIONAL DE MATERIA--NOMBRE GEOGRÁFICO | |
| Nombre geográfico | Nicaragua |
| Subdivisión general | Historia |
| Subdivisión cronológica | REVOLUCIÓN, 1926-1929. |
| 9 (RLIN) | 19390 |
| 700 1# - PUNTO DE ACCESO ADICIONAL--NOMBRE DE PERSONA | |
| Nombre de persona | Ramírez, Sergio, |
| Fechas asociadas al nombre | 1942- |
| 9 (RLIN) | 17566 |
| 700 1# - PUNTO DE ACCESO ADICIONAL--NOMBRE DE PERSONA | |
| Nombre de persona | Mejía, Manuel |
| Término indicativo de función/relación | ed. |
| 9 (RLIN) | 723 |
| 830 #0 - PUNTO DE ACCESO ADICIONAL DE SERIE-TÍTULO UNIFORME | |
| Título uniforme | Pensamiento vivo |
| Número de parte o sección de la obra | 4 |
| 9 (RLIN) | 19391 |
| Estado de retiro | Estado de pérdida | Restricciones de uso | No para préstamo | Código de colección | Localización permanente | Ubicación/localización actual | Ubicación en estantería | Fecha de adquisición | Número de inventario | Total de préstamos | Signatura topográfica completa | Código de barras | Fecha visto por última vez | Precio válido a partir de | Tipo de ítem Koha | Número de copia |
|---|---|---|---|---|---|---|---|---|---|---|---|---|---|---|---|---|
| Excluido de préstamo | Monografías: Libros y Folletos | General | General | Depósito | 03.09.2009 | LF1 | 320.7285 S217p | 6975-10 | 25.06.2020 | 25.06.2020 | No se presta | |||||
| Excluido de préstamo | Monografías: Libros y Folletos | General | General | Depósito | 02.02.2011 | LF1 | 320.7285 S217p | 6975-20 | 25.06.2020 | 25.06.2020 | No se presta | e. 2 | ||||
| Extraviado | Préstamo restringido | Monografías: Libros y Folletos | General | General | Extraviado | 03.04.2017 | LF1 | 320.7285 S217p | 6975-30 | 25.06.2020 | 25.06.2020 | Préstamo restringido | e. 3 |
